Statistics for Dinosaur to Period Click Quiz

Click here to take the quiz!

General Stats

  • This quiz has been taken 509 times
  • The average score is 10 of 16

Answer Stats

HintAnswer% Correct
TyrannosaurusCretaceous
76%
StegosaurusJurassic
74%
TriceratopsCretaceous
70%
AnkylosaurusCretaceous
67%
VelociraptorCretaceous
66%
DiplodocusJurassic
66%
SpinosaurusCretaceous
64%
AllosaurusJurassic
61%
ParasaurolophusCretaceous
60%
PterodactylusJurassic
58%
GallimimusCretaceous
55%
BrachiosaurusJurassic
55%
AlbertosaurusCretaceous
54%
PlateosaurusTriassic
54%
IguanodonCretaceous
52%
ThecodontosaurusTriassic
42%

Score Distribution

Percentile by Number Answered

Percent of People with Each Score

Your Score History

You have not taken this quiz